The school of Niklaus Wirth : the art of simplicity /

Saved in:
Bibliographic Details
Other Authors: Pomberger, Gustav, 1949-, Gutknecht, Jürg, Böszörményi, László, 1949-
Format: Book
Language:English
Published: Heidelberg, Germany : San Francisco, Calif. : dpunkt.verlag ; Morgan Kaufmann, c2000.
Subjects:
LEADER 02915cam a2200421 a 4500
001 c000398954
003 CARM
005 20150306105505.0
008 150306s2000 gw a b 010 0 eng d
019 1 |a 22829458  |z 22765344  |5 LACONCORD2021 
020 |a 3932588851 (dpunkt.verlag) 
020 |a 1558607234 (Morgan Kaufmann) 
020 |a 9783932588853 (dpunkt.verlag) 
020 |a 9781558607231 (Morgan Kaufmann) 
035 |a (OCoLC)45686007  |5 LACONCORD2021 
040 |a VYF  |b eng  |c VYF  |d TXA  |d PMC  |d LQ1  |d OCoLC 
082 0 4 |a 004.092  |b Wir/Sch  |2 22 
245 0 4 |a The school of Niklaus Wirth :  |b the art of simplicity /  |c László Böszörményi, Jürg Gutknecht, Gustav Pomberger (eds.). 
260 |a Heidelberg, Germany :  |b dpunkt.verlag ;  |a San Francisco, Calif. :  |b Morgan Kaufmann,  |c c2000. 
300 |a viii, 260 p. :  |b ill. ;  |c 25 cm. 
504 |a Includes bibliographical references. 
505 0 |a Niklaus Wirth : a pioneer of computer science / Gustav Pomberger, Hanspeter Mössenböck, Peter Rechenberg -- From programming language design to computer construction / Niklaus Wirth -- On the transitive closure of a wellfounded relation / Edsger W. Dijkstra -- Oberon : the overlooked jewel / Michael Franz -- Compiler construction : the art of Niklaus Wirth / Hanspeter Mössenböck -- Medos in retrospect / Svend Erik Knudsen -- Lean systems in an intrinsically complex world / Peter Schulthess -- Learning the value of simplicity / Stephan W. Gehring -- Compiler construction versus Lotus Notes(superscript TM) : a strange battle / Jürg Gutknecht -- Modules and components : rivals or partners? / Clemens Szyperski -- A compiler for the Java HotSpot(superscript TM) virtual machine / Robert Griesemer, Srdjan Mitrovic -- Designing a cluster network / Hans Eberle -- Programming with functional nets / Martin Odersky -- Lilith meets the world of business / Bernhard Wagner -- The chip company that made $100M with MODULA-2 / Robert Burton ... [et al.] -- FFF97 : Oberon in the real world / Josef Templ -- Serendipity / Kathleen Jensen -- Daily life with N. Wirth / Jirka Hoppe --Third millennium culture / Ann Dünki. 
600 1 0 |a Wirth, Niklaus. 
650 0 |a Computer scientists  |v Biography. 
650 0 |a Compilers (Computer programs) 
650 0 |a Software engineering. 
650 0 |a Computer science  |x Research. 
650 0 |a Computer programming. 
650 0 |a Programming languages (Electronic computers) 
650 0 |a Computer scientists. 
700 1 |a Pomberger, Gustav,  |d 1949- 
700 1 |a Gutknecht, Jürg. 
700 1 |a Böszörményi, László,  |d 1949- 
852 8 |b CARM  |p 0619092  |f BK 
852 8 |b SCAN  |h A3:AF07G0  |i C13115  |p 0619092  |f BK 
999 f f |i 470f95f0-3865-5bbf-9da4-df8ae6c265f9  |s 8c6dbdd8-9c5b-56ea-b65b-c3fa2a2c75b4 
952 f f |p Can circulate  |a CAVAL  |b CAVAL  |c CAVAL  |d CARM 1 Store  |i book  |m 0619092 
952 f f |a CAVAL  |b CAVAL  |c CAVAL  |d Unmapped Location  |e C13115  |f A3:AF07G0  |h Other scheme